LIBRARY & INFORMATION CENTRE, KCAET, TAVANUR

ONLINE PUBLIC ACCESS CATALOGUE (OPAC)

Principles and Practices of Highway Engineering: (Including Expressways and Airport Engineering) (Record no. 14369)

MARC details
000 -LEADER
fixed length control field 00396nam a22001457a 4500
020 ## - INTERNATIONAL STANDARD BOOK NUMBER
ISBN 8174091653
082 ## - DEWEY DECIMAL CLASSIFICATION NUMBER
Classification number 625.7
Item number KAD/PR
100 ## - MAIN ENTRY--AUTHOR NAME
Personal name Kadyali,L.R
100 ## - MAIN ENTRY--AUTHOR NAME
Personal name Lal,N.B
245 ## - TITLE STATEMENT
Title Principles and Practices of Highway Engineering: (Including Expressways and Airport Engineering)
250 ## - EDITION STATEMENT
Edition statement 5
260 ## - PUBLICATION, DISTRIBUTION, ETC. (IMPRINT)
Place of publication New Delhi
Name of publisher Khanna Publishers
Year of publication 2010
300 ## - PHYSICAL DESCRIPTION
Number of Pages 858
942 ## - ADDED ENTRY ELEMENTS (KOHA)
Koha item type Books
Holdings
Withdrawn status Lost status Damaged status Collection code Home library Current library Shelving location Date acquired Source of acquisition Cost, normal purchase price Full call number Accession Number Koha item type
        KAUAET KAUAET General Stacks 24/06/2016 Dream Tech, Trivandrum 295.00 625.7 KAD/PR 24796 Books
free website counter